000 01025nam a22002297a 4500
001 38653
003 BD-RjUL
005 20211209052832.0
008 160202s1926 ii ||||| |||| 00| 0 ben d
035 _a(BD-RjUL)38761
040 _aBD-RjUL
_beng
_cBD-RjUL
041 _aben
082 _a294.5921
_bVED 1926
245 _aবেদ /
_cদুর্গাদাস লাহিড়ী শর্ম্মণা সম্পাদিত
_nচতর্থ: খণ্ড,
_pঅথর্ব্ববেদ-সংহিতা
260 _aহাওড়া :
_bশ্রীধীরেন্দ্রনাথ লাহিড়ী শর্ম্মণা,
_c১৯২৬.
300 _a৮৪৮ পৃ. ;
_c২৫ সেমি.
500 _aপুঠিয়া রাজবাড়ি থেকে সংগৃহীত
650 _aবেদ
_9118535
650 _aVedas
_9118536
700 _aশর্ম্মণা, দুর্গাদাস লাহিড়ী, সম্পা.
_9119288
942 _2ddc
_cRAR
999 _c38653
_d38653